Céramique espagnole (Record no. 42939)
[ view plain ]
| 000 -LEADER | |
|---|---|
| campo de control de longitud fija | 00727nam a2200205 i 4500 |
| 001 - NÚMERO DE CONTROL | |
| campo de control | C00043897c |
| 005 - FECHA Y HORA DE LA ÚLTIMA TRANSACCIÓN | |
| campo de control | 20241029145530.0 |
| 008 - DATOS DE LONGITUD FIJA--INFORMACIÓN GENERAL | |
| campo de control de longitud fija | 011024s1879 fr a 000 0 fre d |
| 080 ## - NÚMERO DE LA CLASIFICACIÓN DECIMAL UNIVERSAL | |
| Número de la Clasificación Decimal Universal | 738.1(460.27 M.) |
| 100 1# - ENTRADA PRINCIPAL--NOMBRE DE PERSONA | |
| Nombre de persona | Le Breton, Gaston. |
| 9 (RLIN) | 28342 |
| 245 10 - MENCIÓN DEL TÍTULO | |
| Título | Céramique espagnole |
| Resto del título | : le salon en porcelaine du Palais Royal de Madrid et les porcelaines de buen Retiro / |
| Mención de responsabilidad, etc. | par Gaston Le Breton ; plancehs par Ch. Goutzwiller. |
| 260 ## - PUBLICACIÓN, DISTRIBUCIÓN, ETC. | |
| Lugar de publicación, distribución, etc. | Paris : |
| Nombre del editor, distribuidor, etc. | Raphael Simon, |
| Fecha de publicación, distribución, etc. | 1879. |
| 300 ## - DESCRIPCIÓN FÍSICA | |
| Extensión | 27 p. : |
| Otras características físicas | il. ; |
| Dimensiones | 29 cm. |
| 650 #4 - PUNTO DE ACCESO ADICIONAL DE MATERIA--TÉRMINO DE MATERIA | |
| Término de materia o nombre geográfico como elemento de entrada | Porcelana- |
| Subdivisión geográfica | España- |
| -- | Madrid. |
| 9 (RLIN) | 81820 |
| 650 #4 - PUNTO DE ACCESO ADICIONAL DE MATERIA--TÉRMINO DE MATERIA | |
| Término de materia o nombre geográfico como elemento de entrada | Cerámica Española- |
| Subdivisión geográfica | España- |
| -- | Madrid. |
| 9 (RLIN) | 81821 |
| 700 1# - ENTRADA AGREGADA--NOMBRE PERSONAL | |
| Nombre de persona | Goutzwiller, Ch. |
| 9 (RLIN) | 6637 |
| 852 42 - LOCALIZACIÓN | |
| Número de control de estantería | F-461 |
| Estatus retirado | Estado de pérdida | Estado de daño | No para préstamo | Colección | Biblioteca de origen | Biblioteca actual | Ubicación en estantería | Fecha de adquisición | Fuente de adquisición | Total de préstamos | Signatura topográfica completa | Código de barras | Visto por última vez | Precio de reemplazo | Tipo de ítem Koha |
|---|---|---|---|---|---|---|---|---|---|---|---|---|---|---|---|
| Real Academia de la Bellas Artes de San Fernando | Real Academia de la Bellas Artes de San Fernando | Depósito 1 | 24/10/2001 | O | F-461 | 1046973 | 15/10/2024 | 15/10/2024 | Fondo antiguo |